=LDR 00000nam 2200000 4500 =001 INLIS000000000018564 =005 20130612113732 =008 ***********************************Ind** =035 ##$$0010-061300000018564 =041 ##$$a Ind =082 ##$$a 729 =090 ##$$a 729, San m =100 ##$$a SANJAYA, Imelda =245 ##$$a Menara rumah mungil, Imelda Sanjaya =260 ##$$a 2001 $b Jakarta =300 ##$$a 92 hlm, ilus, 21 cm =650 ##$$a ARSITEKTUR - DESAIN DAN PERENCANAAN =850 ##$$a NBPNMAT